000 00266nam a22001097a 4500
082 _a543.0858 BAR'I
100 _aBARROW, GORDON M
_978075
245 _aINTRODUCTION TO MOLECULAR SOECTROSCOPY
260 _aNEWYORK
_bMCGRAW HILL
_c1962
300 _a318P
942 _cBK
999 _c583230
_d583230